| 000 | 01239nas a22001697a 4500 | ||
|---|---|---|---|
| 008 | 210325b th ||||| |||| 00| 0 tha d | ||
| 037 | _nบริจาควารสาร | ||
| 041 | 0 | _atha | |
| 245 | 1 | 0 | _aจุลสารรัฐธรรมนูญฉบับปฏิรูปเป็นอย่างไร |
| 260 | 3 |
_aกรุงเทพฯ : _bคณะกรรมาธิการยกร่างรัฐธรรมนูญ |
|
| 310 | _aรายปักษ์ | ||
| 850 | _aNALT | ||
| 942 | _cJNR | ||
| 997 | _c51979 | ||
| 999 |
_c91979 _d91979 |
||